00783nam a22002537a 450000500170000000800410001701000140005802000230007202000260009503500130012103700150013404000180014908200110016724501070017826000410028527000480032630000290037450000240040365000210042765000240044870000210047270000180049370000180051120090504104614.0090504t xxu||||| |||| 00| 0 eng d aENG-93396 a8188683604c450.00 a9788188683604c450.00 aEN-76929 bDBAD / PUB adplbEnglish  a363.25 aForensic science and crime investigation /cedited by Ramesh Chandra, Surinder Nath [and] P.K. Janjua  aDelhi bAbhijeet Publications c2005 a2/46 Tukhmeerpur Extension bDelhi e110094 aviii, 184p. c22cm (Hb)  aIncludes references aForensic science acrime investigation aChandra, Ramesh  aSurinder Nath aJanjua, P.K.